Determination of cobalt(II) by controlled potential coulometry

Podrobná bibliografia
Hlavní autori: Berčík, Juraj, 1927-1994 (Autor), Čakrt, Miroslav, 1939-2019 (Autor, Prekladateľ), Hladký, Zdeněk, 1932- (Autor)
Médium: Článok
Jazyk:angličtina

MARC

LEADER 00000nab a2200000uu 4500
001 vtls010876640
003 SK-MaSNL
005 20260303202215.0
008 230303|1973 xo |||||||||||||||||eng|
015 |a SNBRB 
035 |a (urnnbn)urn:nbn:sk:snk:ar-006afn 
035 |a (uuid)4c8445b6-319e-42c6-bacd-f5681db84e70 
035 |a urn:nbn:sk:snk-ab7q8c 
040 |a SNKBUCL  |b slo  |c SNKBUCL  |e AACR2 
041 0 |a eng 
044 |a xo  |c SK 
100 1 |a Berčík, Juraj,  |d 1927-1994  |4 aut  |9 220625 
245 1 0 |a Determination of cobalt(II) by controlled potential coulometry  |c J. Berčík, M. Čakrt, Z. Hladký, M. Čakrt 
700 1 |a Čakrt, Miroslav,  |d 1939-2019  |4 aut  |9 39102 
700 1 |a Čakrt, Miroslav,  |d 1939-2019  |4 trl  |9 39102 
700 1 |a Hladký, Zdeněk,  |d 1932-  |4 aut  |9 44243 
773 0 |t Chemické zvesti  |g Roč. 27, č. 4 (1973), s. 446-450 
954 |a odborná, vedecká literatúra pôvodná (slovenská)  |2 lita 
954 |a odborná, vedecká literatúra cudzojazyčná (svetová)  |2 lita 
958 |a EUIPO 
958 |a OND 
958 |a article8 
999 |c 2178203  |d 2180133